000 01274nam0a22002891 4500
001 rc\3448361
005 20250610005222.0
021 _aRU
_b[70-4863]
035 _a(NLR Aleph) 007593585
090 _a5638335
_c5638335
100 _a20130115d1969 |||y0rusy50 ca
101 0 _arus
102 _aRU
105 _aab z |||||
200 1 _aДевонская вулкано-плутоническая формация в юго-восточной части Восточного Саяна
_fАН СССР. Сиб. отд-ние. Ин-т земной коры. Бурят. филиал
210 _aУлан-Уде
_cБурят. кн. изд-во
_d1969
215 _a114 с., 2 л. схем.
_cил., карт.
_d26
320 _aБиблиогр.: с. 107-113
606 _aГеологические формации, вулканогенные
_yВосточный Саян
_2psbo
606 _aДевонские отложения
_yВосточный Саян
_2psbo
700 1 _7ca
_8rus
_aГордиенко
_bИ. В.
_cд-р геол.-минерал. наук
_f1936-
_gИван Власович
_9161577
_3RU\NLR\AUTH\770161621
801 0 _aRU
_bNLR
_gpsbo
801 1 _aRU
_bELAR
_2rusmarc
852 _aNLR
_j69-7/2690
942 _cBOOK
980 _aNB